000 00372nam a22001457a 4500
999 _c197358
_d197358
008 230822b ||||| |||| 00| 0 eng d
082 _a900-GHO
100 _aGhosh, A.K.
245 _aLegends from Indian History
_hEnglish
260 _aDelhi
_bA.I.C.B.
_cRohini
270 _aA.I.C.B. Rohini, Delhi
300 _a12x13
490 _v1
942 _2ddc
_cBRLEN
_k900
_mGHO